000 00859nam a2200229Ia 4500
001 5683
003 GE_BSU
008 181216s||||||||xx |||||||||||||| ||und||
040 _cGE_BSU
080 _a517.53/55+517.44
100 _aКраснов М.И. Киселев А.И. Макаренко Г.И.
245 _aФункции комплексного переменного.
245 _bОперационная исчисление. Теория устойчивости. Учеб. пособие для студентов вузов..
260 _aМосква
260 _bНаука
260 _c1971
300 _a254 с. 20 см.
653 _aОперационная исчисление.
653 _aТеория устойчивости.
653 _aФункции комплексного переменного.
942 _cBK
999 _c39108
_d39108